Video and digital electronic displays : a user's guide /

Bibliographic Details
Main Author: Sherr, Sol
Format: Book
Language:English
Published: New York : Wiley, [1982]
Subjects:

MARC

Tag First Indicator Second Indicator Subfields
LEADER 00000pam a2200000 a 4500
001 in00000097640
005 20150924085328.0
008 811202s1982 nyua b 00110 eng
010 |a  81021915  
020 |a 0471090379 
035 |a (OCoLC)08031552 
035 |9 AAK9264AM 
039 0 |a 2  |b 3  |c 3  |d 3  |e 3 
040 |a DLC  |c DLC  |d TXA  |d UtOrBLW 
049 |a TXAM  |c [1673771] 
050 0 0 |a TK7882 I6  |b  S524 1982 
082 0 |a 001.55/3  |2 19 
100 1 |a Sherr, Sol. 
245 1 0 |a Video and digital electronic displays :  |b a user's guide /  |c Sol Sherr. 
264 1 |a New York :  |b Wiley,  |c [1982] 
264 4 |c ©1982 
300 |a ix, 252 pages :  |b illustrations ;  |c 24 cm. 
336 |a text  |b txt  |2 rdacontent 
337 |a unmediated  |b n  |2 rdamedia 
338 |a volume  |b nc  |2 rdacarrier 
500 |a "A Wiley-Interscience publication." 
504 |a Includes bibliographical references and index. 
650 0 |a Information display systems. 
650 0 |a Television display systems. 
999 |a MARS 
999 f f |s cc7aa7e3-bc1a-32a5-8844-ab9987965299  |i e1b55e26-2081-32fe-a526-2d66a8cd380a  |t 0 
952 f f |p ric  |a Texas A&M University  |b Rellis Campus  |c Joint Library Facility  |d Remote Storage  |t 0  |e TK7882.I6 S524 1982  |h Library of Congress classification  |i unmediated -- volume  |m A14806017599 
998 f f |a TK7882.I6 S524 1982  |t 0  |l Remote Storage